Mathematics tutor : (Record no. 5654)

MARC details
000 -LEADER
fixed length control field 00500cam a2200193ua 4500
001 - CONTROL NUMBER
control field 6510
005 - DATE AND TIME OF LATEST TRANSACTION
control field 20260515114048.0
008 - FIXED-LENGTH DATA ELEMENTS--GENERAL INFORMATION
fixed length control field 131216n ii |||gr||||Z||||||eng
040 ## - CATALOGING SOURCE
Transcribing agency MAIN
082 ## - DEWEY DECIMAL CLASSIFICATION NUMBER
Classification number 519.5
245 11 - TITLE STATEMENT
Title Mathematics tutor :
Remainder of title Volume I /
Statement of responsibility, etc. By A.C. Sarkar .
250 ## - EDITION STATEMENT
Edition statement 2nd ed.
260 ## - PUBLICATION, DISTRIBUTION, ETC.
Place of publication, distribution, etc. Calcutta:
Name of publisher, distributor, etc. Book syndicate private limited,
Date of publication, distribution, etc. 1984.
300 ## - PHYSICAL DESCRIPTION
Extent viii,c.198p.
653 ## - INDEX TERM--UNCONTROLLED
Uncontrolled term Commerce
653 ## - INDEX TERM--UNCONTROLLED
Uncontrolled term Mathematics tutor :
700 1# - ADDED ENTRY--PERSONAL NAME
Personal name Sarkar,A.C.,
Relator term Author.
942 ## - ADDED ENTRY ELEMENTS (KOHA)
Koha item type Books
Holdings
Withdrawn status Lost status Damaged status Not for loan Home library Current library Shelving location Date acquired Total checkouts Full call number Barcode Date last seen Copy number Price effective from Koha item type
        Naharkatiya College Library Naharkatiya College Library General stacks 09/19/2020   519.5 | SAR 14044 09/19/2020 1 09/19/2020 Books